[Event "Olimpiada Dresden 2008 Femenina"]
[Site "Dresden GER"]
[Date "2008.11.14"]
[Round "2.2"]
[White "Michna, Marta"]
[Black "Zuriel, Marisa"]
[Result "1-0"]
[WhiteElo "2399"]
[BlackElo "2189"]
[PlyCount "83"]
[EventDate "2008.11.13"]
[EventType "team-tourn"]
[EventRounds "11"]
[EventCountry "GER"]
[Source "lmi"]
[SourceDate "2008.11.13"]
[WhiteTeam "Alemania"]
[BlackTeam "Argentina"]
[WhiteTeamCountry "GER"]
[BlackTeamCountry "ARG"]

1. d4 Nf6 2. Nf3 g6 3. c4 Bg7 4. Nc3 O-O 5. e4 d6 6. Be2 e5 7. O-O Nc6 8. d5
Ne7 9. Ne1 Nd7 10. f3 f5 11. g4 Kh8 12. h4 a5 13. Nd3 Ng8 14. g5 h6 15. Kg2 Rf7
16. exf5 Rxf5 17. Ne4 Nf8 18. Be3 Bd7 19. Rh1 h5 20. Ng3 Rf7 21. f4 exf4 22.
Nxf4 Qe8 23. Qd2 Qe5 24. Bd3 Ne7 25. Rae1 Qxb2 26. Qxb2 Bxb2 27. Rhf1 Kg8 28.
Rb1 Be5 29. Rxb7 Rc8 30. Nfe2 Rxf1 31. Kxf1 Bh3+ 32. Ke1 Nd7 33. Ra7 Rf8 34.
Ne4 Rf3 35. Kd2 Kf7 36. Rxc7 Rf1 37. Ra7 Nc8 38. Rc7 Ne7 39. Nf2 Ra1 40. Nxh3
Rxa2+ 41. Bc2 Nb8 42. Ra7 1-0

[Event "Olimpiada Dresden 2008 Femenina"]
[Site "Dresden GER"]
[Date "2008.11.14"]
[Round "2.2"]
[White "Amed, Stephanie"]
[Black "Ohme, Melanie"]
[Result "1-0"]
[WhiteElo "2142"]
[BlackElo "2237"]
[PlyCount "74"]
[EventDate "2008.11.13"]
[EventType "team-tourn"]
[EventRounds "11"]
[EventCountry "GER"]
[Source "lmi"]
[SourceDate "2008.11.13"]
[WhiteTeam "Argentina"]
[BlackTeam "Alemania"]
[WhiteTeamCountry "ARG"]
[BlackTeamCountry "GER"]

1. e4 c5 2. Nf3 d6 3. d4 cxd4 4. Nxd4 Nf6 5. Nc3 Nc6 6. Bg5 e6 7. Qd2 Qb6 8.
Nb3 Be7 9. O-O-O O-O 10. f3 a6 11. h4 Rd8 12. Be3 Qc7 13. Qf2 Nd7 14. g4 b5 15.
Kb1 Bb7 16. g5 Nce5 17. h5 Rac8 18. Bd3 Nc5 19. Nd4 b4 20. Nce2 a5 21. Nc1 a4
22. g6 a3 23. gxf7+ Nxf7 24. Nb5 Qa5 25. Nb3 Qa8 26. Nxc5 dxc5 27. Bc4 Ba6 28.
Rxd8+ Nxd8 29. Rd1 Nf7 30. Qe2 Qb8 31. Nd6 Bxc4 32. Nxc4 Bf6 33. f4 Bxb2 34.
Qg4 Re8 35. Nxb2 axb2 36. Rg1 g5 37. hxg6 Nh6 1-0

[Event "Olimpiada Dresden 2008 Femenina"]
[Site "Dresden GER"]
[Date "2008.11.14"]
[Round "2.3"]
[White "Repkova, Eva"]
[Black "Hou, Yifan"]
[Result "0-1"]
[WhiteElo "2400"]
[BlackElo "2578"]
[PlyCount "96"]
[EventDate "2008.11.13"]
[EventType "team-tourn"]
[EventRounds "11"]
[EventCountry "GER"]
[Source "lmi"]
[SourceDate "2008.11.13"]
[WhiteTeam "Eslovaquia"]
[BlackTeam "China"]
[WhiteTeamCountry "SVK"]
[BlackTeamCountry "CHN"]

1. e4 c5 2. b3 d6 3. Bb2 a6 4. f4 Nc6 5. Nf3 Nf6 6. Nc3 e6 7. e5 dxe5 8. fxe5
Nd7 9. Ne4 Ndxe5 10. Nxe5 Nxe5 11. Bxe5 Qd5 12. Nf6+ gxf6 13. Bxf6 Rg8 14. Qf3
Qxf3 15. gxf3 Be7 16. Bxe7 Kxe7 17. Kf2 Bd7 18. Bd3 f5 19. Rhg1 Rg6 20. f4 Kf6
21. Rg3 Rh6 22. h3 Rh4 23. Kf3 Bc6+ 24. Ke3 Rxf4 25. Kxf4 e5+ 26. Ke3 f4+ 27.
Kf2 fxg3+ 28. Kxg3 Rg8+ 29. Kh4 e4 30. Rf1+ Ke5 31. Re1 Kd4 32. Bc4 Rg7 33. Re2
b5 34. Be6 Rg1 35. Bf5 Rc1 36. Bxh7 Rxc2 37. Kg3 Kd3 38. Re3+ Kxd2 39. Bxe4
Bxe4 40. Rxe4 Rxa2 41. h4 Rb2 42. h5 Rxb3+ 43. Kg2 Rd3 44. h6 Rd8 45. h7 Rh8
46. Re7 c4 47. Rd7+ Kc2 48. Kf2 c3 0-1

[Event "Olimpiada Dresden 2008 Femenina"]
[Site "Dresden GER"]
[Date "2008.11.14"]
[Round "2.3"]
[White "Zhao, Xue"]
[Black "Hagarova, Zuzana"]
[Result "1/2-1/2"]
[WhiteElo "2518"]
[BlackElo "2430"]
[PlyCount "116"]
[EventDate "2008.11.13"]
[EventType "team-tourn"]
[EventRounds "11"]
[EventCountry "GER"]
[Source "lmi"]
[SourceDate "2008.11.13"]
[WhiteTeam "China"]
[BlackTeam "Eslovaquia"]
[WhiteTeamCountry "CHN"]
[BlackTeamCountry "SVK"]

1. d4 Nf6 2. c4 e6 3. Nf3 c5 4. d5 d6 5. Nc3 exd5 6. cxd5 g6 7. Nd2 Nbd7 8. e4
Bg7 9. Nc4 Nb6 10. Ne3 O-O 11. Bd3 Re8 12. O-O c4 13. Bc2 Bd7 14. a4 Rc8 15.
Re1 a6 16. a5 Na8 17. Bd2 Rc5 18. f3 Rxa5 19. Na4 Bxa4 20. Bxa5 Qxa5 21. Rxa4
Qd8 22. Rxc4 Nd7 23. Qb1 Nab6 24. Rb4 Nc5 25. Qa2 Nbd7 26. Nc4 Ne5 27. Rd1 Nxc4
28. Rxc4 b5 29. b4 bxc4 30. bxc5 dxc5 31. Qxc4 Bd4+ 32. Kh1 Qf6 33. Rf1 Rb8 34.
f4 Rb4 35. Qe2 Qd6 36. Qf3 Rb2 37. e5 Qd7 38. Be4 Rb6 39. e6 fxe6 40. dxe6 Rxe6
41. Bd5 Kg7 42. Bxe6 Qxe6 43. h3 a5 44. Qb7+ Qf7 45. Qc6 Qe7 46. Rb1 Qe3 47.
Qc7+ Kh6 48. Qf7 a4 49. Rf1 a3 50. Kh2 Qe2 51. Qf8+ Kh5 52. Qd8 Kh6 53. Rb1 Qe4
54. Rf1 a2 55. Qf8+ Bg7 56. Qd8 Bd4 57. Qf8+ Bg7 58. Qd8 Qe3 1/2-1/2

[Event "Olimpiada Dresden 2008 Femenina"]
[Site "Dresden GER"]
[Date "2008.11.14"]
[Round "2.3"]
[White "Tan, Zhongyi"]
[Black "Machalova, Maria"]
[Result "1-0"]
[WhiteElo "2395"]
[BlackElo "2187"]
[PlyCount "95"]
[EventDate "2008.11.13"]
[EventType "team-tourn"]
[EventRounds "11"]
[EventCountry "GER"]
[Source "lmi"]
[SourceDate "2008.11.13"]
[WhiteTeam "China"]
[BlackTeam "Eslovaquia"]
[WhiteTeamCountry "CHN"]
[BlackTeamCountry "SVK"]

1. Nf3 c5 2. c4 Nc6 3. d4 cxd4 4. Nxd4 g6 5. Nc3 Bg7 6. Nc2 Nf6 7. g3 d6 8. Bg2
Be6 9. Ne3 O-O 10. Ncd5 Bxd5 11. cxd5 Ne5 12. h3 Rc8 13. b3 Qa5+ 14. Bd2 Qa6
15. a4 Qb6 16. O-O Qd4 17. a5 b5 18. Nc2 Qc5 19. Nb4 Qc7 20. f4 Ned7 21. Nc6
Nb8 22. Rc1 Nxc6 23. Rxc6 Qb7 24. Qc2 Rxc6 25. Qxc6 Qc8 26. Rc1 Qf5 27. g4 Nxg4
28. hxg4 Bd4+ 29. e3 Qxf4 30. Re1 Qh6 31. exd4 Qxd2 32. Qc1 Qxd4+ 33. Qe3 Qb4
34. a6 Qa5 35. Qxe7 Qxa6 36. Rf1 Qb6+ 37. Kh1 a5 38. Rf6 Qd4 39. Qxd6 Qd1+ 40.
Rf1 Qxb3 41. Qc7 a4 42. d6 Qe6 43. Qe7 a3 44. Re1 Qc8 45. d7 Qb8 46. Bd5 Qg3
47. Bxf7+ Rxf7 48. d8=Q+ 1-0

[Event "Olimpiada Dresden 2008 Femenina"]
[Site "Dresden GER"]
[Date "2008.11.14"]
[Round "2.4"]
[White "Cosma, Elena Luminita"]
[Black "Dzagnidze, Nana"]
[Result "1/2-1/2"]
[WhiteElo "2340"]
[BlackElo "2503"]
[PlyCount "112"]
[EventDate "2008.11.13"]
[EventType "team-tourn"]
[EventRounds "11"]
[EventCountry "GER"]
[Source "lmi"]
[SourceDate "2008.11.13"]
[WhiteTeam "ROU"]
[BlackTeam "Georgia"]
[BlackTeamCountry "GEO"]

1. Nf3 Nf6 2. g3 b5 3. a4 b4 4. Bg2 Bb7 5. O-O e6 6. d3 d5 7. Nbd2 Be7 8. e4 c5
9. Re1 O-O 10. e5 Nfd7 11. h4 Nc6 12. Nf1 Re8 13. N1h2 Nf8 14. Ng4 h5 15. Ngh2
Ng6 16. Bg5 f6 17. exf6 gxf6 18. Bc1 Kf7 19. Nd2 Rh8 20. Ndf1 Qd6 21. f4 Rag8
22. Nf3 Bd8 23. Qe2 Nge7 24. Be3 Nf5 25. Bf2 a5 26. c3 Bb6 27. Kh1 Nce7 28. d4
cxd4 29. cxd4 Ra8 30. Rac1 Ba6 31. Qd1 Rag8 32. Kh2 Rg4 33. Ne3 Nxe3 34. Rxe3
Nf5 35. Re1 Rhg8 36. Bh3 R4g7 37. Bxf5 exf5 38. Qc2 Bc8 39. Qc6 Qd8 40. Re3 Kg6
41. Rce1 Bc7 42. b3 Qd6 43. Rc1 Rd8 44. Qxd6 Rxd6 45. Re8 Bd7 46. Ree1 Bb6 47.
Kg2 Kf7 48. Kf1 Rg8 49. Ke2 Re6+ 50. Kd3 Re4 51. Nd2 Rxe1 52. Bxe1 Ke6 53. Bf2
Kd6 54. Nf3 Rc8 55. Rxc8 Bxc8 56. Kd2 Ba6 1/2-1/2

[Event "Olimpiada Dresden 2008 Femenina"]
[Site "Dresden GER"]
[Date "2008.11.14"]
[Round "2.4"]
[White "Javakhishvili, Lela"]
[Black "Voicu, Carmen"]
[Result "1/2-1/2"]
[WhiteElo "2473"]
[BlackElo "2239"]
[PlyCount "125"]
[EventDate "2008.11.13"]
[EventType "team-tourn"]
[EventRounds "11"]
[EventCountry "GER"]
[Source "lmi"]
[SourceDate "2008.11.13"]
[WhiteTeam "Georgia"]
[BlackTeam "ROU"]
[WhiteTeamCountry "GEO"]

1. d4 Nf6 2. Nf3 c5 3. d5 e6 4. c4 exd5 5. cxd5 d6 6. h3 g6 7. e4 Bg7 8. Bd3
O-O 9. O-O Nh5 10. Re1 Nd7 11. Nbd2 Ne5 12. Nxe5 Bxe5 13. Nf3 Bg7 14. a4 Re8
15. Rb1 Bd7 16. Bg5 Bf6 17. Bd2 Rc8 18. b3 a6 19. a5 Bb5 20. Bc4 b6 21. Qe2
Bxc4 22. bxc4 bxa5 23. Qd1 Rb8 24. Rxb8 Qxb8 25. Bxa5 Re7 26. e5 dxe5 27. d6
Rd7 28. Bc7 Qe8 29. Qa4 Nf4 30. Rb1 Qe6 31. Qxa6 Kg7 32. Rb8 e4 33. Qc8 Kh6 34.
Nh2 Ne2+ 35. Kh1 Qxc4 36. Rb1 Qe6 37. Ng4+ Kg5 38. Qf8 h5 39. Qh6+ Kf5 40. Qe3
hxg4 41. hxg4+ Kxg4 42. Qxe2+ Kg5 43. Qe3+ Kh5 44. Qxc5+ g5 45. Re1 Be5 46. g4+
Kg6 47. Rxe4 f6 48. Qc2 Qd5 49. Kg1 Kg7 50. Qa4 Qe6 51. Re3 Qf7 52. Qc6 Qe6 53.
Qe4 Kg8 54. Kg2 Rh7 55. Kf1 Qa2 56. Qg6+ Kh8 57. Qe8+ Kg7 58. Qd7+ Kg8 59. Qe8+
Kg7 60. Rxe5 Rh1+ 61. Kg2 Rh2+ 62. Kxh2 Qxf2+ 63. Kh1 1/2-1/2

[Event "Olimpiada Dresden 2008 Femenina"]
[Site "Dresden GER"]
[Date "2008.11.14"]
[Round "2.4"]
[White "Motoc, Alina"]
[Black "Lomineishvili, Maia"]
[Result "1/2-1/2"]
[WhiteElo "2313"]
[BlackElo "2437"]
[PlyCount "65"]
[EventDate "2008.11.13"]
[EventType "team-tourn"]
[EventRounds "11"]
[EventCountry "GER"]
[Source "lmi"]
[SourceDate "2008.11.13"]
[WhiteTeam "ROU"]
[BlackTeam "Georgia"]
[BlackTeamCountry "GEO"]

1. d4 Nf6 2. c4 g6 3. Nc3 Bg7 4. e4 d6 5. h3 O-O 6. Bg5 Qe8 7. Bd3 e5 8. d5 Na6
9. g4 c6 10. Nge2 Nc5 11. Bc2 cxd5 12. cxd5 a5 13. a3 a4 14. Ng3 Bd7 15. f3 b5
16. Qd2 Nb3 17. Bxb3 axb3 18. O-O Qb8 19. Nce2 Ra4 20. Qd3 b4 21. Qxb3 bxa3 22.
Qxb8 Rxb8 23. Rxa3 Rab4 24. Rb1 Rxb2 25. Rxb2 Rxb2 26. Ra8+ Ne8 27. Ra7 Bb5 28.
Nc3 Bc4 29. Ra8 Kf8 30. Rc8 Ba6 31. Ra8 Bc4 32. Rc8 Ba6 33. Ra8 1/2-1/2

[Event "Olimpiada Dresden 2008 Femenina"]
[Site "Dresden GER"]
[Date "2008.11.14"]
[Round "2.5"]
[White "Skripchenko, Almira"]
[Black "Schuurman, Petra"]
[Result "1/2-1/2"]
[WhiteElo "2455"]
[BlackElo "2324"]
[PlyCount "113"]
[EventDate "2008.11.13"]
[EventType "team-tourn"]
[EventRounds "11"]
[EventCountry "GER"]
[Source "lmi"]
[SourceDate "2008.11.13"]
[WhiteTeam "Francia"]
[BlackTeam "Holanda"]
[WhiteTeamCountry "FRA"]
[BlackTeamCountry "NED"]

1. e4 c6 2. Nc3 d5 3. Nf3 Bg4 4. h3 Bxf3 5. Qxf3 Nf6 6. exd5 cxd5 7. g4 e6 8.
g5 Ng8 9. d4 Nc6 10. Be3 Bb4 11. a3 Ba5 12. h4 Nge7 13. Bh3 Rc8 14. O-O g6 15.
Ne2 O-O 16. Nf4 Bc7 17. Kg2 Bxf4 18. Qxf4 Nf5 19. Bxf5 exf5 20. Rfe1 Re8 21. f3
Qb6 22. b3 Nd8 23. Bf2 Ne6 24. Qd2 Qc7 25. Rac1 Qc3 26. Qd1 Re7 27. Kf1 Rec7
28. Re3 Qxd4 29. Rd3 Qb2 30. Rxd5 Qxb3 31. cxb3 Rxc1 32. Qxc1 Rxc1+ 33. Be1 Rb1
34. Rd3 Kf8 35. Kf2 Rb2+ 36. Kf1 Rb1 37. Kf2 Rb2+ 38. Kf1 Ke8 39. Bf2 Rb1+ 40.
Be1 Nc5 41. Re3+ Kd7 42. b4 Ne6 43. Rd3+ Kc6 44. a4 a6 45. Rc3+ Kd5 46. Rd3+
Kc6 47. Rc3+ Kd6 48. Rd3+ Ke7 49. Kf2 Nf4 50. Rd4 Ne6 51. Rd3 Nf4 52. Rd4 Ne6
53. Rd3 Rb2+ 54. Kf1 Rb1 55. Kf2 Rb2+ 56. Kf1 Rb1 57. Kf2 1/2-1/2

[Event "Olimpiada Dresden 2008 Femenina"]
[Site "Dresden GER"]
[Date "2008.11.14"]
[Round "2.5"]
[White "Bensdorp, Marlies"]
[Black "Milliet, Sophie"]
[Result "1/2-1/2"]
[WhiteElo "2303"]
[BlackElo "2366"]
[PlyCount "77"]
[EventDate "2008.11.13"]
[EventType "team-tourn"]
[EventRounds "11"]
[EventCountry "GER"]
[Source "lmi"]
[SourceDate "2008.11.13"]
[WhiteTeam "Holanda"]
[BlackTeam "Francia"]
[WhiteTeamCountry "NED"]
[BlackTeamCountry "FRA"]

1. d4 d5 2. c4 Nc6 3. Nf3 Bg4 4. Nc3 e6 5. cxd5 exd5 6. Bf4 Bd6 7. Bxd6 Qxd6 8.
e3 Nf6 9. Bd3 O-O 10. O-O Rfe8 11. Qb3 Bxf3 12. gxf3 Qd7 13. Kg2 Ne7 14. Ne2 c6
15. Ng3 Ng6 16. Bxg6 hxg6 17. Qd3 Re6 18. Rac1 Ne8 19. Rh1 Nd6 20. h4 Nf5 21.
Rh3 Rae8 22. Re1 Qe7 23. Nxf5 gxf5 24. Qxf5 Qb4 25. Re2 Qc4 26. Rc2 Qxa2 27. h5
Qb3 28. Rg3 Rh6 29. Rc1 Qb4 30. Rg1 Qd6 31. Kf1 Rh7 32. Rg5 Qb4 33. R1g3 Re6
34. Qf4 Qf8 35. Qc7 Re7 36. Qd6 Re6 37. Qc7 Re7 38. Qf4 Re6 39. Qc7 1/2-1/2

[Event "Olimpiada Dresden 2008 Femenina"]
[Site "Dresden GER"]
[Date "2008.11.14"]
[Round "2.5"]
[White "Leconte, Maria"]
[Black "Schut, Lisa"]
[Result "1/2-1/2"]
[WhiteElo "2349"]
[BlackElo "2153"]
[PlyCount "100"]
[EventDate "2008.11.13"]
[EventType "team-tourn"]
[EventRounds "11"]
[EventCountry "GER"]
[Source "lmi"]
[SourceDate "2008.11.13"]
[WhiteTeam "Francia"]
[BlackTeam "Holanda"]
[WhiteTeamCountry "FRA"]
[BlackTeamCountry "NED"]

1. e4 c5 2. Nf3 d6 3. d4 cxd4 4. Nxd4 Nf6 5. Nc3 a6 6. g3 e5 7. Nb3 Be7 8. Bg2
O-O 9. O-O Nbd7 10. a4 b6 11. Re1 Bb7 12. Nd2 Rc8 13. Nf1 Nc5 14. Bg5 Nfd7 15.
Bxe7 Qxe7 16. Ne3 g6 17. Ncd5 Bxd5 18. Nxd5 Qd8 19. Re2 Nf6 20. Nxf6+ Qxf6 21.
b4 Nb7 22. Qd3 Ra8 23. Qd5 Qe7 24. Rd2 Qc7 25. Rb1 Rfd8 26. Qb3 Rab8 27. Bh3 a5
28. c3 Kg7 29. Rd3 h5 30. f4 h4 31. Rf1 hxg3 32. Rxg3 Rh8 33. f5 Rh4 34. fxg6
f6 35. Qe6 Rf8 36. Rgf3 Nd8 37. Qd5 Rh5 38. Bf5 Rfh8 39. R3f2 Rg5+ 40. Kh1 Nb7
41. Bc8 Nd8 42. Rxf6 Qxc8 43. Qxd6 Rxh2+ 44. Kxh2 Rh5+ 45. Kg3 Rh3+ 46. Kf2
Rh2+ 47. Kg1 Rh1+ 48. Kxh1 Qh3+ 49. Kg1 Qg3+ 50. Kh1 Qh3+ 1/2-1/2

[Event "Olimpiada Dresden 2008 Femenina"]
[Site "Dresden GER"]
[Date "2008.11.14"]
[Round "2.6"]
[White "Nemcova, Katerina"]
[Black "Mkrtchian, Lilit"]
[Result "1/2-1/2"]
[WhiteElo "2369"]
[BlackElo "2443"]
[PlyCount "94"]
[EventDate "2008.11.13"]
[EventType "team-tourn"]
[EventRounds "11"]
[EventCountry "GER"]
[Source "lmi"]
[SourceDate "2008.11.13"]
[WhiteTeam "Chequia"]
[BlackTeam "Armenia"]
[WhiteTeamCountry "CZE"]
[BlackTeamCountry "ARM"]

1. e4 c6 2. d4 d5 3. e5 Bf5 4. Nf3 e6 5. Be2 Nd7 6. O-O a6 7. Be3 Ne7 8. Nbd2
h6 9. Ne1 c5 10. c3 Qb6 11. b3 Nc6 12. Ndf3 cxd4 13. cxd4 Rc8 14. Bd3 Bxd3 15.
Nxd3 Nb4 16. Nfe1 Rc6 17. Kh1 a5 18. Qg4 Qa6 19. Qe2 Rc3 20. Rd1 Be7 21. Qd2
Rc8 22. f4 g6 23. Kg1 h5 24. g3 Nb8 25. Rc1 N8c6 26. Nf2 Qb6 27. Ned3 Nxd3 28.
Nxd3 Ba3 29. Rc2 Qb5 30. h3 b6 31. Rf2 Kd7 32. Qe2 Na7 33. Qf1 Rxc2 34. Rxc2
Rc8 35. Rxc8 Kxc8 36. g4 hxg4 37. hxg4 Nc6 38. f5 gxf5 39. gxf5 Ne7 40. fxe6
fxe6 41. Qf8+ Kd7 42. Nf4 Qb4 43. Kf2 Qc3 44. Qf7 Qc2+ 45. Kf3 Qf5 46. Qxf5
Nxf5 47. Ke2 Bb2 1/2-1/2

[Event "Olimpiada Dresden 2008 Femenina"]
[Site "Dresden GER"]
[Date "2008.11.14"]
[Round "2.6"]
[White "Aginian, Nelly"]
[Black "Kulovana, Eva"]
[Result "1/2-1/2"]
[WhiteElo "2325"]
[BlackElo "2286"]
[PlyCount "106"]
[EventDate "2008.11.13"]
[EventType "team-tourn"]
[EventRounds "11"]
[EventCountry "GER"]
[Source "lmi"]
[SourceDate "2008.11.13"]
[WhiteTeam "Armenia"]
[BlackTeam "Chequia"]
[WhiteTeamCountry "ARM"]
[BlackTeamCountry "CZE"]

1. e4 c6 2. d4 d5 3. Nc3 dxe4 4. Nxe4 Bf5 5. Ng3 Bg6 6. Bc4 e6 7. N1e2 Bd6 8.
h4 h6 9. Nf4 Bxf4 10. Bxf4 Nf6 11. h5 Bh7 12. c3 Nbd7 13. O-O O-O 14. Qf3 Re8
15. Rfe1 Nd5 16. Bd2 Qf6 17. Qg4 Kh8 18. Bb3 Rad8 19. c4 N5b6 20. Bc3 Qg5 21.
Qxg5 hxg5 22. Ne4 Bxe4 23. Rxe4 f5 24. Re2 Kg8 25. Ba5 Rc8 26. Bd2 g4 27. a4
Nf6 28. a5 Nbd7 29. c5 Kf7 30. Rae1 Nd5 31. f3 gxf3 32. gxf3 a6 33. Rg2 N7f6
34. h6 gxh6 35. Bxh6 Rg8 36. Bd2 Rxg2+ 37. Kxg2 Rg8+ 38. Kf2 Rh8 39. Kg3 Rg8+
40. Kf2 Rh8 41. Kg3 Rh7 42. Bc4 Rh8 43. Bb3 Nh5+ 44. Kf2 Nhf6 45. Kg3 Nh5+ 46.
Kf2 Ng7 47. Kg3 f4+ 48. Kg2 Nf5 49. Re4 Nfe3+ 50. Bxe3 Nxe3+ 51. Kg1 Rg8+ 52.
Kh1 Rh8+ 53. Kg1 Rg8+ 1/2-1/2

[Event "Olimpiada Dresden 2008 Femenina"]
[Site "Dresden GER"]
[Date "2008.11.14"]
[Round "2.6"]
[White "Richtrova, Eliska"]
[Black "Andriasian, Siranush"]
[Result "1/2-1/2"]
[WhiteElo "2270"]
[BlackElo "2290"]
[PlyCount "104"]
[EventDate "2008.11.13"]
[EventType "team-tourn"]
[EventRounds "11"]
[EventCountry "GER"]
[Source "lmi"]
[SourceDate "2008.11.13"]
[WhiteTeam "Chequia"]
[BlackTeam "Armenia"]
[WhiteTeamCountry "CZE"]
[BlackTeamCountry "ARM"]

1. e4 e5 2. Nf3 Nc6 3. Bb5 a6 4. Ba4 Nf6 5. d3 b5 6. Bb3 Bc5 7. O-O h6 8. c3 d6
9. h3 O-O 10. Re1 Bb7 11. Nbd2 a5 12. a4 b4 13. Nc4 bxc3 14. bxc3 Re8 15. Ne3
Bxe3 16. fxe3 Rb8 17. Rf1 Ba6 18. Ne1 Rf8 19. Ra2 Ne7 20. Raf2 Ng6 21. Ba2 Bc8
22. Qc2 Be6 23. Bd2 c5 24. Bxe6 fxe6 25. Qa2 Qd7 26. Nc2 Kh7 27. Qc4 d5 28.
exd5 exd5 29. Qxc5 Qxa4 30. Ne1 Rfc8 31. Qa7 Ra8 32. Qf7 Rf8 33. Qe6 Rae8 34.
Qa6 Ra8 35. Qe6 Rae8 36. Qa6 e4 37. Bc1 Ra8 38. Qd6 Rfd8 39. Qb6 Rab8 40. Qa7
Ra8 41. Qd4 Qxd4 42. exd4 Rdc8 43. Rc2 Rab8 44. Ba3 Rb3 45. Bc5 Nd7 46. dxe4
dxe4 47. Rf5 Nxc5 48. dxc5 Rb5 49. Kf2 a4 50. Ra2 Rbxc5 51. Rxc5 Rxc5 52. Rxa4
Rxc3 1/2-1/2

[Event "Olimpiada Dresden 2008 Femenina"]
[Site "Dresden GER"]
[Date "2008.11.14"]
[Round "2.7"]
[White "Klinova, Masha"]
[Black "Krush, Irina"]
[Result "1/2-1/2"]
[WhiteElo "2327"]
[BlackElo "2452"]
[PlyCount "120"]
[EventDate "2008.11.13"]
[EventType "team-tourn"]
[EventRounds "11"]
[EventCountry "GER"]
[Source "lmi"]
[SourceDate "2008.11.13"]
[WhiteTeam "Israel"]
[BlackTeam "Estados Unidos"]
[WhiteTeamCountry "ISR"]
[BlackTeamCountry "USA"]

1. e4 c5 2. Nf3 e6 3. c4 Nc6 4. Nc3 e5 5. d3 d6 6. Be2 g6 7. a3 a5 8. Nd5 Bg7
9. h4 Nge7 10. h5 Nxd5 11. cxd5 Nd4 12. Nxd4 exd4 13. Bf4 a4 14. Bg4 Bxg4 15.
Qxg4 Qd7 16. Qh3 Qxh3 17. Rxh3 Ke7 18. Kd2 b5 19. Rah1 Rhb8 20. hxg6 hxg6 21.
Bg5+ Bf6 22. Bxf6+ Kxf6 23. Ra1 b4 24. axb4 cxb4 25. Rhh1 Rc8 26. Rhc1 Rxc1 27.
Kxc1 Ke5 28. g3 g5 29. f3 b3 30. Kd2 Rh8 31. Rxa4 Rh2+ 32. Kd1 Rh1+ 33. Kd2
Rh2+ 34. Kd1 Rxb2 35. Ra7 Kf6 36. Rd7 Rf2 37. Rxd6+ Ke5 38. Rb6 Rxf3 39. Rxb3
Rxg3 40. Ke2 Re3+ 41. Kf2 g4 42. Rb7 f5 43. Re7+ Kf4 44. d6 g3+ 45. Kg2 Re2+
46. Kg1 Kf3 47. exf5 Rg2+ 48. Kf1 Rh2 49. Kg1 Rg2+ 50. Kf1 Rh2 51. Kg1 Rb2 52.
Re1 Rg2+ 53. Kf1 Rh2 54. Kg1 Rg2+ 55. Kf1 Rh2 56. Kg1 Rg2+ 57. Kf1 Rf2+ 58. Kg1
Rg2+ 59. Kf1 Rf2+ 60. Kg1 Rg2+ 1/2-1/2

[Event "Olimpiada Dresden 2008 Femenina"]
[Site "Dresden GER"]
[Date "2008.11.14"]
[Round "2.7"]
[White "Goletiani, Rusudan"]
[Black "Borsuk, Angela"]
[Result "1-0"]
[WhiteElo "2359"]
[BlackElo "2398"]
[PlyCount "103"]
[EventDate "2008.11.13"]
[EventType "team-tourn"]
[EventRounds "11"]
[EventCountry "GER"]
[Source "lmi"]
[SourceDate "2008.11.13"]
[WhiteTeam "Estados Unidos"]
[BlackTeam "Israel"]
[WhiteTeamCountry "USA"]
[BlackTeamCountry "ISR"]

1. Nf3 d6 2. d4 Bg4 3. c4 Nd7 4. Nc3 e5 5. e4 Ngf6 6. Be2 c6 7. O-O Be7 8. Be3
O-O 9. d5 a6 10. Ne1 Bxe2 11. Qxe2 cxd5 12. cxd5 Rc8 13. a4 Nc5 14. a5 Qc7 15.
f3 Nfd7 16. Ra3 Nb8 17. b4 Ncd7 18. Nd3 Qd8 19. b5 axb5 20. Rb1 Bg5 21. Bf2 Na6
22. Rxb5 Rc7 23. Rab3 Qa8 24. Qb2 Rfc8 25. h4 Bf6 26. Na4 Rb8 27. Qa3 Be7 28.
Nb6 Nxb6 29. axb6 Rc2 30. Ra5 Rbc8 31. Rxa6 bxa6 32. b7 Qb8 33. bxc8=Q+ Qxc8
34. Qb4 g6 35. Qb8 Qxb8 36. Rxb8+ Kg7 37. Nb4 Rc1+ 38. Kh2 Rf1 39. Bg3 f5 40.
Rb7 Kf8 41. Nc6 Bf6 42. Rb2 f4 43. Bf2 Kg7 44. g3 fxg3+ 45. Kxg3 Rh1 46. Kg2
Ra1 47. Bb6 Bxh4 48. Bc7 a5 49. Bxd6 a4 50. Bxe5+ Kh6 51. Rc2 Rd1 52. Ra2 1-0

[Event "Olimpiada Dresden 2008 Femenina"]
[Site "Dresden GER"]
[Date "2008.11.14"]
[Round "2.7"]
[White "Igla, Bella"]
[Black "Rohonyan, Katerina"]
[Result "1-0"]
[WhiteElo "2254"]
[BlackElo "2334"]
[PlyCount "125"]
[EventDate "2008.11.13"]
[EventType "team-tourn"]
[EventRounds "11"]
[EventCountry "GER"]
[Source "lmi"]
[SourceDate "2008.11.13"]
[WhiteTeam "Israel"]
[BlackTeam "Estados Unidos"]
[WhiteTeamCountry "ISR"]
[BlackTeamCountry "USA"]

1. d4 Nf6 2. c4 c5 3. d5 b5 4. cxb5 a6 5. bxa6 g6 6. Nc3 Bxa6 7. g3 d6 8. Bg2
Bg7 9. Nf3 Nbd7 10. Rb1 Nb6 11. b3 Bb7 12. e4 Ba6 13. Bf1 Qc8 14. Bxa6 Qxa6 15.
Bb2 O-O 16. Nd2 Nfd7 17. Qe2 Qxe2+ 18. Kxe2 Bxc3 19. Bxc3 Rxa2 20. Ra1 Rxa1 21.
Rxa1 Rb8 22. Ra7 f6 23. Nc4 Kf7 24. Na5 f5 25. Nc6 Re8 26. f3 fxe4 27. fxe4 Nf6
28. Kf3 h5 29. Rb7 Nbxd5 30. exd5 Nxd5 31. Bd2 Ke6 32. Bg5 Nf6 33. Ke2 Ne4 34.
Bxe7 Ra8 35. Bd8 Ra2+ 36. Ke3 Nd2 37. Kf4 Nf1 38. h4 Rf2+ 39. Kg5 Nxg3 40. Kxg6
d5 41. Bg5 d4 42. Na5 Rf3 43. Nc4 Rc3 44. Re7+ Kd5 45. Re5+ Kc6 46. Be7 Kd7 47.
Bxc5 Rxb3 48. Bxd4 Rb4 49. Rd5+ Kc6 50. Rc5+ Kd7 51. Ne5+ Ke6 52. Nf3 Ra4 53.
Rg5 Nf1 54. Rxh5 Ra3 55. Re5+ Kd7 56. Ng5 Ra4 57. Ne6 Ra6 58. h5 Nh2 59. Kf5
Ra8 60. Rd5+ Ke7 61. Bf6+ Kf7 62. Rd7+ Ke8 63. Re7# 1-0

[Event "Olimpiada Dresden 2008 Femenina"]
[Site "Dresden GER"]
[Date "2008.11.14"]
[Round "2.7"]
[White "Abrahamyan, Tatev"]
[Black "Vasiliev, Olga"]
[Result "0-1"]
[WhiteElo "2286"]
[BlackElo "2235"]
[PlyCount "46"]
[EventDate "2008.11.13"]
[EventType "team-tourn"]
[EventRounds "11"]
[EventCountry "GER"]
[Source "lmi"]
[SourceDate "2008.11.13"]
[WhiteTeam "Estados Unidos"]
[BlackTeam "Israel"]
[WhiteTeamCountry "USA"]
[BlackTeamCountry "ISR"]

1. e4 c5 2. Nf3 Nc6 3. d4 cxd4 4. Nxd4 e5 5. Nb5 d6 6. N1c3 a6 7. Na3 b5 8. Nd5
Nge7 9. c4 Nd4 10. Be3 Nxd5 11. cxd5 Be7 12. Bd3 O-O 13. O-O Bd7 14. Qd2 Bf6
15. f4 exf4 16. Bxf4 Be5 17. Bg5 Qe8 18. Be3 f5 19. Bb1 Bxh2+ 20. Kh1 Qh5 21.
g4 Qh3 22. Qg2 Qxe3 23. Qxh2 fxe4 0-1